Discovering the theatre. / (Record no. 8076)
[ view plain ]
| 000 -LEADER | |
|---|---|
| fixed length control field | 00706nam a22002412a 4500 |
| 001 - CONTROL NUMBER | |
| JCCL Control Number | 8076 |
| 003 - CONTROL NUMBER IDENTIFIER | |
| JCCL marc code | BD - JhCC |
| 005 - DATE AND TIME OF LATEST TRANSACTION | |
| control field | 20180218115217.0 |
| 008 - FIXED-LENGTH DATA ELEMENTS--GENERAL INFORMATION | |
| fixed length control field | 500101s1960 enka j 000 0 eng d |
| 035 ## - SYSTEM CONTROL NUMBER | |
| system control number | (BD - JhCC)8076 |
| 040 ## - CATALOGING SOURCE | |
| Original cataloging agency | DLC |
| Transcribing agency | GUA |
| Modifying agency | UKM |
| -- | EQO |
| -- | BD - JhCC |
| 041 ## - LANGUAGE CODE | |
| Language code of Book | eng |
| 050 #0 - LIBRARY OF CONGRESS CALL NUMBER | |
| Classification number | PN2037 |
| Item number | .B85 |
| 082 ## - DEWEY DECIMAL CLASSIFICATION NUMBER | |
| Classification number | 792.02 |
| Author mark and Year | BUR 1960 |
| 100 1# - MAIN ENTRY--PERSONAL NAME | |
| Personal name | Burgess, C. V. |
| Fuller form of name | (Christopher Victor), |
| Dates associated with a name | 1921- |
| 245 10 - TITLE STATEMENT | |
| Title | Discovering the theatre. / |
| Statement of responsibility, etc | With illus. by Derek H. Riley. |
| 260 ## - PUBLICATION, DISTRIBUTION, ETC. (IMPRINT) | |
| Place of publication, distribution, etc | London : |
| Name of publisher, distributor, etc | University of London Press, |
| Date of publication, distribution, etc | [c1960] |
| 300 ## - PHYSICAL DESCRIPTION | |
| Pagination | 128 p ;. |
| Other physical details | ill. |
| Dimensions | 20 cm. |
| 504 ## - BIBLIOGRAPHY, ETC. NOTE | |
| Bibliography, etc | Includes bibliography. |
| 650 #0 - SUBJECT ADDED ENTRY--TOPICAL TERM | |
| Topical term or geographic name as entry element | Theater |
| General subdivision | Juvenile literature. |
| 942 ## - ADDED ENTRY ELEMENTS (KOHA) | |
| Source of classification or shelving scheme | Dewey Decimal Classification |
| Koha item type | Books |
| Source of classification or shelving scheme | Damaged status | Not for loan | Home library | Current library | Shelving location | Total Checkouts | Full call number | Barcode | Date last seen | Copy number | Koha item type |
|---|---|---|---|---|---|---|---|---|---|---|---|
| Dewey Decimal Classification | JCC Rouf Library | JCC Rouf Library | General Stacks | 792.02 BUR 1960 | 10679 | 02/18/2018 | C - 1 | Books |